000 04259nam a22003257i 4500
001 TCPA 56
003 gtcocun
005 20250910224734.0
006 a||||gr|||| 00| 0
007 ta
008 250910b2018 gt ||||| m||| 00| 0 eng d
040 _agtcocun
_bSPA
_cgtcocun
_eRDA
041 _aSPA
084 _0TCPA 56
100 _aRamírez Matías, Ruben
_eAutor
245 _aInforme final del Ejercicio Profesional Supervisado, realizado en Cooperativa Integral de Ahorro y Crédito Codel, R.L., ubicada en Playa Grande, Ixcan, Quiché
_cRuben Ramírez Matías
_hImpreso
264 _aCobán, Alta Verapaz:
_bUniversidad de San Carlos de Guatemala, Centro Universitario del Norte, Licenciatura en Contaduría Pública y Auditoría.
_c2018
300 _a51 p.:
_bIlustraciones, gráficas.
_c28 cm;
336 _2rdacontenido
_aTexto
_btxt
337 _2rdamedio
_aComputadora
_bn
338 _2rdasoporte
_aCódigo en línea
_bcr
502 _e.
502 _aTesis de grado
_bLicenciatura en Contaduría Pública y Auditoría.
_cUniversidad de San Carlos de Guatemala, Centro Universitario del Norte, Licenciatura en Contaduría Pública y Auditoría.
_d2018
_oTCPA 56
520 1 _aLa Universidad de San Carlos de Guatemala (USAC), a través del Centro Universitario del Norte y la carrera de Contaduría Pública y Auditoría, ha impulsado el Ejercicio Profesional Supervisado (EPS), para cumplir con uno de los objetivos como entidad educativa del nivel superior; por medio del cual el estudiante manifiesta los conocimientos adquiridos a lo largo de los años de formación profesional y con ello confrontar la teoría con la práctica, coadyuvando de esta manera en la búsqueda de soluciones a los problemas que aquejan a las instituciones sujetas a intervención. La Cooperativa Integral de Ahorro y Crédito CODEL, R.L., está ubicada en la zona 1, de la cabecera municipal de Ixcán, del departamento del Quiché; es una entidad que se dedica a otorgar créditos a sus asociados, percibir de sus asociados los ahorros corrientes y a plazo fijo, las aportaciones; así mismo ofrece los servicios por concepto de pago de remesas, efectuar cobros por cuenta ajena por los servicios de luz y teléfono. Como etapa inicial, se realizó un diagnostico en la cooperativa a través de un proceso investigativo del que se obtuvo el conocimiento de la estructura interna de la entidad, así como las actividades contables y administrativas que realiza. Como resultado de la ejecución de las distintas actividades orientadas a solucionar la problemática, se describen las acciones y actividades realizadas durante el proceso; para la solución de cada uno de los problemas identificados, se desarrolló un plan de trabajo con acciones específicas para realizar una adecuada labor. En tal sentido, se consiguió en primer lugar actualizar los registros contables de la entidad correspondiente a los años 2013 y 2014; así mismo, se realizó la implementación y aceptación del manual de políticas y procedimientos contables, como instrumento de información en el que se identifican de forma secuencial y cronológica, las operaciones que deben seguirse para la realización de las operaciones y transacciones contables de la cooperativa. Se realizó la ejecución del manual de cumplimiento para la prevención del lavado de dinero u otros activos y financiamiento del terrorismo, como una valiosísima herramienta de control interno, que permitirá a la cooperativa, en primer lugar cumplir con la normativa legal vigente en el país y en segunda instancia, fortalecer los procedimientos que se venían desarrollando. Finalmente se elaboraron las respectivas conclusiones para dar respuesta a los objetivos planteados al inicio de la práctica y, se realizaron las recomendaciones necesarias según sea el caso.
650 1 4 _2LEMB
_aPlaya Grande, Ixcán, El Quiché
_xregistros contables
_xpoliticas y procedimientos
_xfinanciamiento del terrorismo
700 _aLic. Miguel Alberto Klug Caal
_eAsesor
856 _uhttps://drive.google.com/file/d/1eaIrL_EUetN_NjY1B4fpdHqaSdPq7bbh/view?usp=sharing
_yPDF
_zUn ejemplar en línea.
942 _2ddc
_cTES
_iTCPA_56
_kClasificación
_n0
_6TCPA__56
999 _c1780
_d1780